Automotive mechanics ; (Record no. 26013)
[ view plain ]
| 000 -LEADER | |
|---|---|
| fixed length control field | 00802nam a2200253Ia 4500 |
| 008 - FIXED-LENGTH DATA ELEMENTS--GENERAL INFORMATION | |
| fixed length control field | 210303s9999 xx 000 0 und d |
| 016 ## - NATIONAL BIBLIOGRAPHIC AGENCY CONTROL NUMBER | |
| Source | reto2022b |
| 020 ## - INTERNATIONAL STANDARD BOOK NUMBER | |
| ISBN | 9788123908915 |
| 040 ## - CATALOGING SOURCE | |
| Original cataloging agency | NLN |
| Language of cataloging | English |
| 100 ## - MAIN ENTRY--AUTHOR | |
| Author | HEITNER, Joseph |
| Relator term | aut |
| 245 #0 - TITLE STATEMENT | |
| Title | Automotive mechanics ; |
| Remainder of title | principles and practices / |
| Statement of responsibility, etc | Joseph Heitner |
| 250 ## - EDITION STATEMENT | |
| Edition statement | 2nd.ed |
| 260 ## - PUBLICATION, DISTRIBUTION, ETC. (IMPRINT) | |
| Place of publication | New Delhi, India : |
| Name of publisher | CBS Publishers and Disrtibutors Private, |
| Date of publication | 2004 |
| 300 ## - COLLATION | |
| Pagination | vii, 608p. : |
| Other physical details | ill. ; 22cm. |
| 563 ## - BINDING INFORMATION | |
| Binding note | (pbk) |
| 650 ## - TRACINGS | |
| Main Subject | Automobiles |
| Subdivision (1st) | Design and construction |
| 650 ## - TRACINGS | |
| Main Subject | Automobiles |
| Subdivision (1st) | Maintainance and repair |
| 650 ## - TRACINGS | |
| Main Subject | Motor vehicles |
| 650 ## - TRACINGS | |
| Main Subject | Transportation, Automotive |
| 942 ## - ADDED ENTRY ELEMENTS (KOHA) | |
| Item type | Books |
| 050 ## - LIBRARY OF CONGRESS CALL NUMBER | |
| Classification number | TL240 |
| Item number | .H465 |
| 082 ## - DEWEY DECIMAL CLASSIFICATION NUMBER | |
| Classification number | 629.231 |
| Source of classification or shelving scheme | Not for loan | Home library | Current library | Date acquired | Full call number | Barcode. | Koha item type |
|---|---|---|---|---|---|---|---|
| Library of Congress Classification | LAGOS BRANCH | National Library of Nigeria | 04/03/2021 | TL240 .H465 | 2026-461785 | Books |
